[Event "Plzen op-A U18"]
[Site "Plzen"]
[Date "1996.??.??"]
[Round "2"]
[White "Staszko, Martin"]
[Black "Jirovsky, Petr"]
[Result "0-1"]
[WhiteElo "2175"]
[BlackElo "2305"]
[PlyCount "64"]
[EventDate "1996.??.??"]
[EventRounds "9"]
[EventCountry "CZE"]
[Source "ChessBase"]
[SourceDate "1996.11.15"]

1. e4 c5 2. Nc3 Nc6 3. g3 g6 4. Bg2 Bg7 5. d3 d6 6. Be3 e6 7. Qd2 Rb8 8. f4
Nge7 9. Nf3 Nd4 10. O-O O-O 11. Nd1 b5 12. c3 Nxf3+ 13. Bxf3 b4 14. d4 bxc3 15.
Nxc3 d5 16. exd5 Nxd5 17. Nxd5 exd5 18. Rac1 c4 19. Qg2 Re8 20. Qf2 Bf5 21.
Rcd1 Be4 22. Rd2 f5 23. Bd1 Qa5 24. a3 Re7 25. g4 Rbe8 26. h4 Bd3 27. Re1 Bxd4
28. Bxd4 Rxe1+ 29. Kh2 Rf1 30. Qg2 Ree1 31. Bc3 Qc5 32. Bf3 Rxf3 0-1

[Event "Plzen op-A U18"]
[Site "Plzen"]
[Date "1996.??.??"]
[Round "5"]
[White "Staszko, Martin"]
[Black "Kracik, Dobroslav"]
[Result "1-0"]
[WhiteElo "2175"]
[BlackElo "1935"]
[PlyCount "39"]
[EventDate "1996.??.??"]
[EventRounds "9"]
[EventCountry "CZE"]
[Source "ChessBase"]
[SourceDate "1996.11.15"]

1. Nf3 d5 2. d4 e6 3. c4 Nf6 4. Bg5 Be7 5. e3 Nbd7 6. Nc3 c6 7. Qc2 Qc7 8. Bd3
dxc4 9. Bxc4 Nb6 10. Bd3 Nbd5 11. a3 Bd7 12. O-O h6 13. Bh4 O-O 14. Rac1 Ng4
15. Bxe7 Nxe7 16. h3 Nf6 17. Rfd1 Rac8 18. e4 Qf4 19. e5 Nfd5 20. Ne2 1-0

[Event "Plzen op-A U18"]
[Site "Plzen"]
[Date "1996.??.??"]
[Round "7"]
[White "Staszko, Martin"]
[Black "Rehak, Martin"]
[Result "0-1"]
[WhiteElo "2175"]
[BlackElo "2215"]
[PlyCount "62"]
[EventDate "1996.??.??"]
[EventRounds "9"]
[EventCountry "CZE"]
[Source "ChessBase"]
[SourceDate "1996.11.15"]

1. Nf3 Nf6 2. g3 g6 3. Bg2 Bg7 4. O-O O-O 5. c4 d6 6. Nc3 Nc6 7. d4 a6 8. d5
Na5 9. Qd3 c5 10. e4 b5 11. cxb5 Nd7 12. a4 Nb3 13. Ra3 Nxc1 14. Rxc1 axb5 15.
Qxb5 Rb8 16. Qe2 Qa5 17. Ne1 Ba6 18. Qc2 c4 19. Nf3 Rfc8 20. Rd1 Qb4 21. Ra2
Nc5 22. Nd4 Bxd4 23. Rxd4 Nd3 24. Bh3 Rc7 25. f4 Qc5 26. Ne2 Rcb7 27. Kf1 Rxb2
28. Rxb2 Rxb2 29. Qc3 Rb3 30. Qc2 Qb4 31. Kg2 Ne1+ 0-1

[Event "Plzen op-A U18"]
[Site "Plzen"]
[Date "1996.??.??"]
[Round "8"]
[White "Staszko, Martin"]
[Black "Soukup, Jiri"]
[Result "1/2-1/2"]
[WhiteElo "2175"]
[BlackElo "1845"]
[PlyCount "116"]
[EventDate "1996.??.??"]
[EventRounds "9"]
[EventCountry "CZE"]
[Source "ChessBase"]
[SourceDate "1996.11.15"]

1. e4 e5 2. Bc4 Bc5 3. Nc3 Nf6 4. d3 d6 5. Bg5 c6 6. Nf3 Be6 7. Bb3 O-O 8. O-O
Nbd7 9. d4 exd4 10. Nxd4 Bxd4 11. Qxd4 Bxb3 12. axb3 Qc7 13. Rfd1 d5 14. exd5
Nxd5 15. Nxd5 cxd5 16. Qxd5 Nb6 17. Qd3 f6 18. Be3 Rfd8 19. Qc3 Qxc3 20. bxc3
Nd5 21. Bd4 a6 22. c4 Nb4 23. Rac1 Nc6 24. Bb6 Rxd1+ 25. Rxd1 a5 26. Ra1 Kf7
27. f3 a4 28. Rxa4 Rxa4 29. bxa4 Ne5 30. c5 Ke6 31. Kf2 Kd5 32. Ke3 Nc4+ 33.
Kd3 Nb2+ 34. Kc3 Nxa4+ 35. Kb4 Nxb6 36. cxb6 Kc6 37. Kc4 Kxb6 38. Kd5 Kb5 39.
c4+ Kb4 40. Kd4 Kb3 41. c5 Kb4 42. h4 g6 43. g3 Kb5 44. Kd5 Kb4 45. h5 Kb5 46.
g4 f5 47. gxf5 gxf5 48. f4 Kb4 49. h6 Kb5 50. Ke5 Kxc5 51. Kxf5 Kd5 52. Kf6 b5
53. Kg7 b4 54. f5 b3 55. f6 b2 56. f7 b1=Q 57. f8=Q Qg6+ 58. Kh8 Ke6 1/2-1/2

[Event "Plzen op-A U18"]
[Site "Plzen"]
[Date "1996.??.??"]
[Round "1"]
[White "Stojnic, Miodrag"]
[Black "Cedikova, Katerina"]
[Result "1-0"]
[WhiteElo "2090"]
[BlackElo "1845"]
[PlyCount "101"]
[EventDate "1996.??.??"]
[EventRounds "9"]
[EventCountry "CZE"]
[Source "ChessBase"]
[SourceDate "1996.11.15"]

1. d4 d5 2. c4 e6 3. Nc3 c5 4. cxd5 exd5 5. Nf3 Nc6 6. g3 Nf6 7. Bg2 Be7 8. O-O
O-O 9. b3 Re8 10. dxc5 Bxc5 11. Na4 Bf8 12. Nb2 Bg4 13. Be3 Qd7 14. a3 Ne4 15.
Re1 Rad8 16. Nd3 d4 17. Bd2 f6 18. b4 Nxd2 19. Nxd2 Ne5 20. Nb3 Nxd3 21. Qxd3
Bf5 22. Qd2 b6 23. Rac1 Be4 24. Bxe4 Rxe4 25. Qd3 f5 26. Red1 Qe6 27. e3 dxe3
28. Qxd8 exf2+ 29. Kf1 Re1+ 30. Rxe1 fxe1=Q+ 31. Rxe1 Qc4+ 32. Re2 Qxb3 33. Qd2
Qf3+ 34. Kg1 Qxa3 35. Qd5+ Kh8 36. Qxf5 Qc1+ 37. Kg2 Qc6+ 38. Qf3 Qxf3+ 39.
Kxf3 Kg8 40. b5 Kf7 41. Ra2 Kf6 42. Rxa7 Bc5 43. Ke4 h5 44. Rc7 Bg1 45. h3 g6
46. Rc6+ Kf7 47. Rc1 Bh2 48. Kf3 h4 49. Rc7+ Kf8 50. Rc6 Bxg3 51. Rxb6 1-0

[Event "Plzen op-A U18"]
[Site "Plzen"]
[Date "1996.??.??"]
[Round "7"]
[White "Stojnic, Miodrag"]
[Black "Cichy, Miroslav"]
[Result "1-0"]
[WhiteElo "2090"]
[BlackElo "1925"]
[PlyCount "65"]
[EventDate "1996.??.??"]
[EventRounds "9"]
[EventCountry "CZE"]
[Source "ChessBase"]
[SourceDate "1996.11.15"]

1. d4 Nf6 2. c4 c5 3. d5 b5 4. cxb5 a6 5. f3 d6 6. e4 g6 7. Nc3 Bg7 8. Bc4 O-O
9. Nge2 axb5 10. Bxb5 Ba6 11. O-O Qa5 12. a4 Bxb5 13. Nxb5 Na6 14. Bd2 Nb4 15.
Bc3 Nd7 16. b3 Ne5 17. Qd2 Ned3 18. Nc1 Bxc3 19. Qxc3 Nxc1 20. Rfxc1 f6 21. Qc4
Qb6 22. Re1 Qb7 23. Rad1 Rf7 24. f4 Raf8 25. h3 Qd7 26. Nd4 Rb8 27. Ne6 h6 28.
e5 fxe5 29. fxe5 Rf5 30. Qg4 Kh7 31. Rf1 Qe8 32. Rxf5 gxf5 33. Qg7# 1-0

[Event "Plzen op-A U18"]
[Site "Plzen"]
[Date "1996.??.??"]
[Round "3"]
[White "Stojnic, Miodrag"]
[Black "Sluka, Radek"]
[Result "0-1"]
[WhiteElo "2090"]
[BlackElo "2350"]
[PlyCount "78"]
[EventDate "1996.??.??"]
[EventRounds "9"]
[EventCountry "CZE"]
[Source "ChessBase"]
[SourceDate "1996.11.15"]

1. d4 Nf6 2. c4 c5 3. d5 b5 4. cxb5 a6 5. e3 Bb7 6. Nc3 Qa5 7. Bd2 axb5 8. Bxb5
Na6 9. Nge2 Qb6 10. O-O Nc7 11. Bc4 Ncxd5 12. Nxd5 Nxd5 13. e4 Nf6 14. f3 e6
15. a4 Ba6 16. a5 Qb7 17. Bxa6 Rxa6 18. Nc3 Be7 19. e5 Nd5 20. Nxd5 Qxd5 21.
Qe2 Qb7 22. Bc3 O-O 23. f4 f5 24. Qc4 Rb8 25. Rfd1 Qc6 26. Rxd7 Rxa5 27. Rad1
Ra1 28. Rxa1 Qxd7 29. Ra6 Kf7 30. Qa2 Rd8 31. h3 h6 32. Kh2 g5 33. fxg5 hxg5
34. b4 g4 35. bxc5 Bxc5 36. Bb4 f4 37. Bxc5 g3+ 38. Kh1 Qd1+ 39. Bg1 Qxg1+ 0-1

[Event "Plzen op-A U18"]
[Site "Plzen"]
[Date "1996.??.??"]
[Round "6"]
[White "Suran, Jan"]
[Black "Blazkova, Petra"]
[Result "1-0"]
[WhiteElo "2315"]
[BlackElo "2215"]
[PlyCount "63"]
[EventDate "1996.??.??"]
[EventRounds "9"]
[EventCountry "CZE"]
[Source "ChessBase"]
[SourceDate "1996.11.15"]

1. e4 c5 2. Nf3 d6 3. c3 Nf6 4. Be2 Nc6 5. d4 cxd4 6. cxd4 d5 7. e5 Ne4 8. O-O
Bg4 9. h3 Bh5 10. e6 fxe6 11. Nc3 Bxf3 12. Bxf3 g6 13. Nxe4 dxe4 14. Bxe4 Nxd4
15. Bf4 Bg7 16. Bxb7 O-O 17. Bg3 Rb8 18. Bxb8 Qxb8 19. Ba6 Qxb2 20. Bc4 Kh8 21.
Rb1 Qa3 22. Qd3 Qd6 23. Rbe1 Rf5 24. Re4 e5 25. Kh1 Bh6 26. Bb3 Rf8 27. Rfe1
Rxf2 28. Rxe5 Rd2 29. Qe4 Nc6 30. Qc4 e6 31. Rxe6 Qg3 32. Re8+ 1-0

[Event "Plzen op-A U18"]
[Site "Plzen"]
[Date "1996.??.??"]
[Round "8"]
[White "Suran, Jan"]
[Black "Dolezal, Radoslav Jr"]
[Result "1/2-1/2"]
[WhiteElo "2315"]
[BlackElo "2270"]
[PlyCount "102"]
[EventDate "1996.??.??"]
[EventRounds "9"]
[EventCountry "CZE"]
[Source "ChessBase"]
[SourceDate "1996.11.15"]

1. d4 d5 2. c4 e6 3. Nc3 Nf6 4. Bg5 Be7 5. Nf3 Nbd7 6. e3 O-O 7. Qc2 c6 8. Rd1
h6 9. Bh4 Qa5 10. a3 Re8 11. Bd3 dxc4 12. Bxc4 b5 13. Ba2 b4 14. axb4 Bxb4 15.
O-O Ba6 16. Rfe1 Bxc3 17. bxc3 Nd5 18. Bb1 Nf8 19. Rc1 c5 20. e4 Nb6 21. Qa2
Qxa2 22. Bxa2 Bc4 23. Bb1 Nfd7 24. Nd2 Ba6 25. Ba2 Rac8 26. f3 Kf8 27. Bg3 Ke7
28. Kf2 cxd4 29. cxd4 Rxc1 30. Rxc1 Rc8 31. Rxc8 Nxc8 32. Ke3 Nd6 33. Bh4+ f6
34. g4 Nb6 35. Be1 Nbc4+ 36. Nxc4 Nxc4+ 37. Kf2 Bb5 38. Bb4+ Ke8 39. h4 a5 40.
Bxc4 Bxc4 41. Bxa5 g6 42. Bd2 h5 43. Ke3 Bb3 44. Kf4 Kf7 45. g5 f5 46. Ke5 fxe4
47. fxe4 Bc2 48. Bb4 Bb1 49. d5 exd5 50. exd5 Bf5 51. Kd6 Ke8 1/2-1/2

[Event "Plzen op-A U18"]
[Site "Plzen"]
[Date "1996.??.??"]
[Round "2"]
[White "Suran, Jan"]
[Black "Mazur, David"]
[Result "1-0"]
[WhiteElo "2315"]
[BlackElo "1960"]
[PlyCount "75"]
[EventDate "1996.??.??"]
[EventRounds "9"]
[EventCountry "CZE"]
[Source "ChessBase"]
[SourceDate "1996.11.15"]

1. d4 Nf6 2. Nf3 g6 3. Nc3 d5 4. Bf4 Bg7 5. e3 c6 6. Qd2 O-O 7. Be2 Re8 8. Ne5
Nbd7 9. h4 Nf8 10. g4 N6d7 11. h5 f6 12. Nxd7 Bxd7 13. hxg6 hxg6 14. O-O-O e5
15. Bh6 e4 16. f4 exf3 17. Bxf3 Ne6 18. e4 g5 19. exd5 Nf4 20. Bxg7 Kxg7 21.
Rh2 cxd5 22. Rdh1 Be6 23. Rh7+ Kf8 24. Qh2 Bf7 25. Qh6+ Ke7 26. Qg7 Rf8 27.
R7h6 Kd6 28. Rxf6+ Be6 29. Rxf8 Qxf8 30. Qxg5 Nd3+ 31. cxd3 Qxf3 32. Qe5+ Kd7
33. Rh7+ Bf7 34. Qxd5+ Qxd5 35. Nxd5 Rc8+ 36. Kd2 Ke6 37. Nf4+ Kf6 38. g5+ 1-0

[Event "Plzen op-A U18"]
[Site "Plzen"]
[Date "1996.??.??"]
[Round "4"]
[White "Suran, Jan"]
[Black "Tupy, Martin"]
[Result "1/2-1/2"]
[WhiteElo "2315"]
[BlackElo "2250"]
[PlyCount "56"]
[EventDate "1996.??.??"]
[EventRounds "9"]
[EventCountry "CZE"]
[Source "ChessBase"]
[SourceDate "1996.11.15"]

1. e4 c5 2. Nf3 d6 3. d4 cxd4 4. Qxd4 Nc6 5. Bb5 Bd7 6. Bxc6 Bxc6 7. Nc3 Nf6 8.
Bg5 e6 9. O-O-O Be7 10. Qd3 O-O 11. Nd4 a6 12. f4 Qa5 13. f5 Rfe8 14. h4 h6 15.
Kb1 Qe5 16. Nxc6 bxc6 17. Be3 Rab8 18. Rhf1 Rb4 19. Bd4 Qa5 20. fxe6 fxe6 21.
Ne2 Qb5 22. a3 Qxd3 23. Rxd3 Rb5 24. Nc3 Rh5 25. g3 Ng4 26. Nd1 c5 27. Bc3 d5
28. exd5 exd5 1/2-1/2

[Event "Plzen op-A U18"]
[Site "Plzen"]
[Date "1996.??.??"]
[Round "7"]
[White "Svab, Jan"]
[Black "Navara, David"]
[Result "1-0"]
[WhiteElo "1930"]
[BlackElo "2140"]
[PlyCount "93"]
[EventDate "1996.??.??"]
[EventRounds "9"]
[EventCountry "CZE"]
[Source "ChessBase"]
[SourceDate "1996.11.15"]

1. g3 d5 2. Bg2 c6 3. d3 Nf6 4. Nf3 Bg4 5. O-O Nbd7 6. Nc3 e6 7. e4 Bd6 8. Re1
O-O 9. h3 Bxf3 10. Bxf3 Qc7 11. Bg2 Rfd8 12. Kh2 Rac8 13. Qe2 Be5 14. Bd2 Bd6
15. f4 Bf8 16. e5 Ne8 17. Nd1 c5 18. Ne3 b5 19. Nf1 a5 20. g4 b4 21. c3 Nb6 22.
c4 dxc4 23. dxc4 Rd4 24. Be3 Rd7 25. Red1 Rcd8 26. b3 g5 27. Rxd7 Rxd7 28. Kh1
gxf4 29. Bxf4 Bg7 30. Re1 Rd4 31. Be3 Rd8 32. Bg5 Rc8 33. Ng3 Nd7 34. Bf4 Nf8
35. Nh5 Ng6 36. Bh2 Bh8 37. g5 Rd8 38. Nf6+ Bxf6 39. gxf6 Rd4 40. Bg1 Rf4 41.
Bh2 Rd4 42. Bg1 Rf4 43. Qe3 Rf5 44. Bh2 Rh5 45. Qf3 Rh4 46. Qa8 Kf8 47. Bc6 1-0

[Event "Plzen op-A U18"]
[Site "Plzen"]
[Date "1996.??.??"]
[Round "3"]
[White "Svab, Jan"]
[Black "Neuman, Petr"]
[Result "0-1"]
[WhiteElo "1930"]
[BlackElo "2205"]
[PlyCount "58"]
[EventDate "1996.??.??"]
[EventRounds "9"]
[EventCountry "CZE"]
[Source "ChessBase"]
[SourceDate "1996.11.15"]

1. e4 c5 2. Nf3 e6 3. d4 cxd4 4. Nxd4 a6 5. c4 Nf6 6. Nc3 Qc7 7. Bd3 Bd6 8. Nf3
Nc6 9. O-O Ne5 10. Nxe5 Bxe5 11. h3 Bd4 12. Ne2 Bc5 13. a3 b6 14. b4 Be7 15.
Bb2 d6 16. f4 Bb7 17. Nc3 O-O 18. Qe2 Nd7 19. Rae1 Bf6 20. Nd1 Bxb2 21. Qxb2 e5
22. f5 Rfc8 23. Ne3 Nf6 24. Ng4 b5 25. Nxf6+ gxf6 26. Qf2 bxc4 27. Rc1 d5 28.
exd5 Bxd5 29. Qe3 Qa7 0-1

[Event "Plzen op-A U18"]
[Site "Plzen"]
[Date "1996.??.??"]
[Round "5"]
[White "Svab, Jan"]
[Black "Petek, Pavel"]
[Result "0-1"]
[WhiteElo "1930"]
[BlackElo "2175"]
[PlyCount "52"]
[EventDate "1996.??.??"]
[EventRounds "9"]
[EventCountry "CZE"]
[Source "ChessBase"]
[SourceDate "1996.11.15"]

1. e4 e5 2. Bc4 Nf6 3. Qe2 Nc6 4. Nf3 Be7 5. c3 O-O 6. Bb3 d6 7. d3 Kh8 8. h3
Ng8 9. g4 Be6 10. Nbd2 a5 11. a4 Ra6 12. Bc2 g6 13. Nf1 f5 14. exf5 gxf5 15.
gxf5 Bxf5 16. Ng3 Bg6 17. h4 Bf6 18. Ng5 Qe7 19. Bb3 Rb6 20. Bc4 Nd8 21. h5
Bxd3 22. Bxd3 Bxg5 23. Nf5 Qf6 24. h6 Bxc1 25. Rxc1 Ne6 26. Qg4 Qg5 0-1

[Event "Plzen op-A U18"]
[Site "Plzen"]
[Date "1996.??.??"]
[Round "6"]
[White "Taus, Martin"]
[Black "Cedikova, Katerina"]
[Result "1-0"]
[WhiteElo "2160"]
[BlackElo "1845"]
[PlyCount "80"]
[EventDate "1996.??.??"]
[EventRounds "9"]
[EventCountry "CZE"]
[Source "ChessBase"]
[SourceDate "1996.11.15"]

1. d4 d5 2. c4 e6 3. Nc3 c5 4. cxd5 exd5 5. Nf3 Nc6 6. g3 Nf6 7. Bg2 Be7 8. O-O
O-O 9. Bg5 h6 10. Be3 Ne4 11. dxc5 Nxc3 12. bxc3 Be6 13. Nd4 Qa5 14. Rb1 Qc7
15. Qa4 Rfc8 16. Rb2 Nd8 17. Nb3 Bf6 18. Bd4 Be7 19. Qb5 Bd7 20. Qd3 Bc6 21.
Be3 Ne6 22. Bxd5 Bxd5 23. Qxd5 Rd8 24. Qf3 Rac8 25. Bd4 Bxc5 26. Nxc5 Nxc5 27.
Bxc5 Qxc5 28. Rxb7 Rc7 29. Rfb1 Qxc3 30. Rxc7 Qxc7 31. Rb7 Qc4 32. Rxa7 Qe6 33.
a4 Rd2 34. e3 Ra2 35. Kg2 g6 36. Qf4 Kg7 37. Qd4+ Kh7 38. e4 h5 39. Ra8 g5 40.
Qh8+ Kg6 1-0

[Event "Plzen op-A U18"]
[Site "Plzen"]
[Date "1996.??.??"]
[Round "2"]
[White "Taus, Martin"]
[Black "Klimes, Martin"]
[Result "0-1"]
[WhiteElo "2160"]
[BlackElo "2030"]
[PlyCount "76"]
[EventDate "1996.??.??"]
[EventRounds "9"]
[EventCountry "CZE"]
[Source "ChessBase"]
[SourceDate "1996.11.15"]

1. d4 Nf6 2. c4 c5 3. Nf3 cxd4 4. Nxd4 e5 5. Nb5 d5 6. cxd5 Bb4+ 7. N1c3 O-O 8.
Bg5 Qxd5 9. e4 Qxe4+ 10. Qe2 Qxe2+ 11. Bxe2 Nd5 12. Bd2 Bxc3 13. Nxc3 Nb4 14.
O-O-O Bf5 15. a3 Nc2 16. g4 Bg6 17. f4 exf4 18. Bxf4 Nc6 19. Bd3 Bxd3 20. Rxd3
N2d4 21. Rhd1 Rad8 22. b4 a6 23. Kb2 Ne6 24. Bd6 Rfe8 25. a4 Rd7 26. b5 axb5
27. axb5 Na5 28. Bb4 Rxd3 29. Rxd3 Nc4+ 30. Kb3 Ne5 31. Rg3 Rd8 32. h3 f6 33.
h4 Kf7 34. g5 fxg5 35. hxg5 Rd3 36. Rxd3 Nxd3 37. Ne4 Nxb4 38. Kxb4 b6 0-1

[Event "Plzen op-A U18"]
[Site "Plzen"]
[Date "1996.??.??"]
[Round "8"]
[White "Taus, Martin"]
[Black "Svab, Jan"]
[Result "1-0"]
[WhiteElo "2160"]
[BlackElo "1930"]
[PlyCount "51"]
[EventDate "1996.??.??"]
[EventRounds "9"]
[EventCountry "CZE"]
[Source "ChessBase"]
[SourceDate "1996.11.15"]

1. d4 Nf6 2. c4 g6 3. Nc3 Bg7 4. e4 d6 5. h3 O-O 6. Bg5 Nbd7 7. Bd3 e5 8. d5
Nc5 9. Bc2 a5 10. Nge2 Qd7 11. O-O Ne8 12. Qd2 f6 13. Be3 g5 14. Ng3 Bh8 15.
Nf5 h5 16. Bxg5 fxg5 17. Qxg5+ Bg7 18. Ne7+ Kf7 19. f4 Qxe7 20. fxe5+ Nf6 21.
exf6 Bxf6 22. e5 Qxe5 23. Qg6+ Ke7 24. Rae1 Bd7 25. Rxe5+ dxe5 26. d6+ 1-0

[Event "Plzen op-A U18"]
[Site "Plzen"]
[Date "1996.??.??"]
[Round "5"]
[White "Tupy, Martin"]
[Black "Jurasek, Miroslav"]
[Result "1/2-1/2"]
[WhiteElo "2250"]
[BlackElo "2270"]
[PlyCount "21"]
[EventDate "1996.??.??"]
[EventRounds "9"]
[EventCountry "CZE"]
[Source "ChessBase"]
[SourceDate "1996.11.15"]

1. e4 c5 2. Nf3 Nc6 3. g3 g6 4. Bg2 Bg7 5. O-O d6 6. d3 Rb8 7. c3 Nf6 8. d4
cxd4 9. cxd4 O-O 10. Nc3 Bg4 11. Be3 1/2-1/2

[Event "Plzen op-A U18"]
[Site "Plzen"]
[Date "1996.??.??"]
[Round "1"]
[White "Tupy, Martin"]
[Black "Kracik, Dobroslav"]
[Result "1-0"]
[WhiteElo "2250"]
[BlackElo "1935"]
[PlyCount "63"]
[EventDate "1996.??.??"]
[EventRounds "9"]
[EventCountry "CZE"]
[Source "ChessBase"]
[SourceDate "1996.11.15"]

1. e4 c5 2. Nf3 d6 3. d4 cxd4 4. Nxd4 Nf6 5. Nc3 a6 6. Be3 e6 7. g4 e5 8. Nf5
h5 9. g5 Nxe4 10. Nxg7+ Bxg7 11. Nxe4 d5 12. Nf6+ Bxf6 13. gxf6 Be6 14. Rg1 Nd7
15. Bg2 Nxf6 16. Qd2 Qd6 17. Bg5 Nd7 18. O-O-O Nb6 19. b3 Rc8 20. Kb2 a5 21. f4
Bf5 22. c3 e4 23. Qd4 Kd7 24. Bf1 a4 25. Bb5+ Kc7 26. Bf6 Rhe8 27. Bxe8 Rxe8
28. Be5 Rxe5 29. fxe5 Qc6 30. c4 Be6 31. cxd5 Bxd5 32. Rc1 1-0

[Event "Plzen op-A U18"]
[Site "Plzen"]
[Date "1996.??.??"]
[Round "7"]
[White "Tupy, Martin"]
[Black "Kupka, Frantisek"]
[Result "1/2-1/2"]
[WhiteElo "2250"]
[BlackElo "2000"]
[PlyCount "100"]
[EventDate "1996.??.??"]
[EventRounds "9"]
[EventCountry "CZE"]
[Source "ChessBase"]
[SourceDate "1996.11.15"]

1. d4 Nf6 2. Nf3 d5 3. c4 c6 4. Nc3 a6 5. g3 b5 6. cxd5 cxd5 7. Bg2 Bf5 8. Nh4
Bg6 9. Nxg6 hxg6 10. e4 dxe4 11. Nxe4 Ra7 12. Nxf6+ gxf6 13. Bf4 Bh6 14. Bxh6
Rxh6 15. O-O Kf8 16. Rc1 Kg7 17. d5 Rh8 18. Re1 Qd7 19. Qc2 Rd8 20. Re3 a5 21.
Rc3 Na6 22. a3 Rb8 23. Rc6 Rbb7 24. Qd2 Nc7 25. h4 Ne8 26. Kh2 Nd6 27. Bh3 Qd8
28. h5 Nc4 29. Qd4 Ne5 30. Qe4 Nxc6 31. dxc6 Rc7 32. hxg6 fxg6 33. Bf1 Qd2 34.
Rc2 Qg5 35. f4 Qf5 36. Qxf5 gxf5 37. Bxb5 Kf7 38. Bd3 Ke6 39. b4 axb4 40. axb4
Ra8 41. b5 Rb8 42. Rc5 Kd6 43. Rxf5 Rcc8 44. Bc4 Rd8 45. g4 Kc7 46. g5 fxg5 47.
fxg5 Rd4 48. Bf7 Rg4 49. Kh3 Rg1 50. Kh2 Rg4 1/2-1/2

[Event "Plzen op-A U18"]
[Site "Plzen"]
[Date "1996.??.??"]
[Round "3"]
[White "Tupy, Martin"]
[Black "Novak, Pavel"]
[Result "1-0"]
[WhiteElo "2250"]
[BlackElo "2005"]
[PlyCount "85"]
[EventDate "1996.??.??"]
[EventRounds "9"]
[EventCountry "CZE"]
[Source "ChessBase"]
[SourceDate "1996.11.15"]

1. c4 e5 2. Nc3 Nc6 3. g3 f5 4. Bg2 Nf6 5. e3 d6 6. Nge2 e4 7. d3 exd3 8. Qxd3
Ne5 9. Qc2 g6 10. b3 Bg7 11. Bb2 O-O 12. h4 Rb8 13. Nf4 a6 14. O-O-O Qe8 15.
Ncd5 Nxd5 16. Bxd5+ Nf7 17. h5 g5 18. h6 Be5 19. Nh5 c6 20. Bxf7+ Rxf7 21. f4
Bxb2+ 22. Qxb2 Qe7 23. Qd4 d5 24. fxg5 Qxg5 25. Qe5 Ra8 26. cxd5 Bd7 27. d6
Qxh6 28. Nf4 Qg7 29. Qxg7+ Rxg7 30. Nh5 Rg6 31. Rhf1 Rf8 32. Rd4 Re6 33. Kd2 c5
34. Rd5 Rh6 35. g4 fxg4 36. Rxf8+ Kxf8 37. e4 b6 38. Ke3 Kf7 39. Nf4 Bc6 40. d7
Bxd7 41. Rxd7+ Ke8 42. Rg7 Rh4 43. e5 1-0

[Event "Plzen op-A U18"]
[Site "Plzen"]
[Date "1996.??.??"]
[Round "9"]
[White "Tupy, Martin"]
[Black "Taus, Martin"]
[Result "1/2-1/2"]
[WhiteElo "2160"]
[BlackElo "2250"]
[PlyCount "28"]
[EventDate "1996.??.??"]
[EventRounds "9"]
[EventCountry "CZE"]
[Source "ChessBase"]
[SourceDate "1996.11.15"]

1. d4 d5 2. Nf3 Nf6 3. g3 Bf5 4. Bg2 e6 5. O-O c5 6. c4 Nc6 7. cxd5 Nxd5 8. Nc3
Be7 9. Re1 Nxc3 10. bxc3 Be4 11. Qa4 Qa5 12. Qxa5 Nxa5 13. Ne5 Bxg2 14. Kxg2
Bf6 1/2-1/2

[Event "Plzen op-A U18"]
[Site "Plzen"]
[Date "1996.??.??"]
[Round "3"]
[White "Vavra, Pavel"]
[Black "Jurasek, Miroslav"]
[Result "1/2-1/2"]
[WhiteElo "2375"]
[BlackElo "2270"]
[PlyCount "84"]
[EventDate "1996.??.??"]
[EventRounds "9"]
[EventCountry "CZE"]
[Source "ChessBase"]
[SourceDate "1996.11.15"]

1. e4 c5 2. Nc3 Nc6 3. f4 d6 4. Nf3 Nf6 5. Bc4 e6 6. O-O Be7 7. d3 O-O 8. a3 d5
9. Ba2 dxe4 10. dxe4 Qxd1 11. Rxd1 Nd4 12. e5 Nxf3+ 13. gxf3 Nd7 14. Be3 Nb6
15. Ne4 Bd7 16. Bxc5 Bxc5+ 17. Nxc5 Bc6 18. Kf2 Rac8 19. Rd2 Bd5 20. Bxd5 Nxd5
21. Nxb7 Nxf4 22. b4 Rc3 23. Nd6 Rd8 24. Rad1 h5 25. Kg3 Ng6 26. Ne4 h4+ 27.
Kf2 Rxc2 28. Rxc2 Rxd1 29. Rc8+ Kh7 30. Ng5+ Kh6 31. Nxf7+ Kh5 32. Nd8 Nf4 33.
Ke3 g5 34. Nc6 Nd5+ 35. Ke2 Rh1 36. Rh8+ Kg6 37. Rg8+ Kh6 38. Nd8 Rxh2+ 39. Ke1
Nf4 40. Nf7+ Kh7 41. Rxg5 h3 42. Kf1 Ra2 1/2-1/2

[Event "Plzen op-A U18"]
[Site "Plzen"]
[Date "1996.??.??"]
[Round "5"]
[White "Vavra, Pavel"]
[Black "Sluka, Radek"]
[Result "1-0"]
[WhiteElo "2375"]
[BlackElo "2350"]
[PlyCount "47"]
[EventDate "1996.??.??"]
[EventRounds "9"]
[EventCountry "CZE"]
[Source "ChessBase"]
[SourceDate "1996.11.15"]

1. e4 d5 2. Nc3 d4 3. Nce2 Nc6 4. d3 e5 5. f4 exf4 6. Nxf4 Bb4+ 7. Bd2 Bxd2+ 8.
Qxd2 Nh6 9. Nf3 O-O 10. h3 f5 11. O-O-O Qd6 12. g3 a5 13. Ng5 Ra6 14. Bg2 b5
15. Rhf1 b4 16. exf5 b3 17. cxb3 Nb4 18. Kb1 Nxf5 19. a3 Ne3 20. Rde1 Nbc2 21.
Qxc2 Nxc2 22. Bd5+ Kh8 23. Re8 Be6 24. Ng6+ 1-0

[Event "Plzen op-A U18"]
[Site "Plzen"]
[Date "1996.??.??"]
[Round "4"]
[White "Voller, Jiri"]
[Black "Neuman, Petr"]
[Result "1-0"]
[WhiteElo "2250"]
[BlackElo "2205"]
[PlyCount "31"]
[EventDate "1996.??.??"]
[EventRounds "9"]
[EventCountry "CZE"]
[Source "ChessBase"]
[SourceDate "1996.11.15"]

1. e4 d5 2. exd5 Qxd5 3. Nc3 Qa5 4. d4 Nf6 5. Nf3 Nc6 6. Bd2 a6 7. Bc4 Qb4 8.
Qe2 Qxb2 9. Rb1 Qa3 10. d5 Na5 11. Ne5 b5 12. Bxb5+ axb5 13. Nxb5 Qxa2 14.
Nxc7+ Kd8 15. Nxf7+ Kxc7 16. Bf4+ 1-0

[Event "Plzen op-A U18"]
[Site "Plzen"]
[Date "1996.??.??"]
[Round "7"]
[White "Voller, Jiri"]
[Black "Simacek, Pavel"]
[Result "1-0"]
[WhiteElo "2250"]
[BlackElo "2285"]
[PlyCount "109"]
[EventDate "1996.??.??"]
[EventRounds "9"]
[EventCountry "CZE"]
[Source "ChessBase"]
[SourceDate "1996.11.15"]

1. e4 e5 2. Nf3 Nc6 3. Bb5 a6 4. Ba4 Nf6 5. O-O Nxe4 6. d4 b5 7. Bb3 d5 8. dxe5
Be6 9. Qe2 Bc5 10. c3 O-O 11. Be3 Qe7 12. Nbd2 Nxd2 13. Qxd2 Bxe3 14. Qxe3 Na5
15. Nd4 c5 16. Nxe6 fxe6 17. f4 g6 18. Rf2 Rab8 19. g4 b4 20. Bc2 Nc4 21. Qh3
bxc3 22. bxc3 Rb2 23. Raf1 Rxa2 24. Qg3 Rb8 25. f5 exf5 26. gxf5 Qxe5 27. Qh4
Qg7 28. f6 Qf7 29. Re1 Rb7 30. Rfe2 Nd6 31. Re7 Rxe7 32. Rxe7 Rxc2 33. Rxf7
Kxf7 34. Qxh7+ Kxf6 35. Qh8+ Ke6 36. Qg8+ Kd7 37. Qxd5 c4 38. Qd4 Rb2 39. Qg7+
Kc6 40. Qxg6 a5 41. Qg8 Ra2 42. h4 a4 43. h5 a3 44. h6 Ra1+ 45. Kh2 a2 46. Qa8+
Kd7 47. h7 Nf7 48. Qb7+ Ke6 49. Qb2 Re1 50. Qxa2 Re4 51. Qa6+ Kf5 52. Qc8+ Kf4
53. Qf8 Re2+ 54. Kg1 Kg3 55. Qg7+ 1-0

[Event "Plzen op-A U18"]
[Site "Plzen"]
[Date "1996.??.??"]
[Round "2"]
[White "Voller, Jiri"]
[Black "Sott, Pavel"]
[Result "1-0"]
[WhiteElo "2250"]
[BlackElo "1935"]
[PlyCount "57"]
[EventDate "1996.??.??"]
[EventRounds "9"]
[EventCountry "CZE"]
[Source "ChessBase"]
[SourceDate "1996.11.15"]

1. e4 c5 2. Nf3 Nc6 3. d4 cxd4 4. Nxd4 Nf6 5. Nc3 e5 6. Ndb5 d6 7. Nd5 Nxd5 8.
exd5 Ne7 9. c3 a6 10. Qa4 axb5 11. Bxb5+ Bd7 12. Bxd7+ Qxd7 13. Qxa8+ Nc8 14.
O-O Be7 15. Be3 O-O 16. Qa5 f5 17. f4 e4 18. Bd4 Bd8 19. Qb4 Ne7 20. c4 Ng6 21.
Rae1 Bf6 22. Bxf6 Rxf6 23. Re3 Rf8 24. Rb3 Rc8 25. Qxb7 Qxb7 26. Rxb7 Rxc4 27.
g3 Rd4 28. Rc1 Rxd5 29. Rc8+ 1-0